Two Letter Country Codes - Statistics

General Stats
  • This quiz has been taken 68 times
  • The average score is 121 of 196
Answer Stats
County Code % Correct
Afghanistan AF
98%
Albania AL
98%
Argentina AR
83%
Australia AU
83%
Andorra AD
80%
Armenia AM
80%
Angola AO
80%
Azerbaijan AZ
80%
Austria AT
78%
Barbados BB
78%
Belgium BE
78%
Bahrain BH
78%
Bahamas BS
78%
Belize BZ
78%
Bangladesh BD
76%
Bolivia BO
76%
Brazil BR
76%
Brunei BN
73%
Botswana BW
73%
Canada CA
73%
Colombia CO
73%
Costa Rica CR
73%
Cuba CU
73%
Cape Verde CV
73%
Cyprus CY
73%
Czech Republic CZ
73%
Djibouti DJ
73%
Burkina Faso BF
71%
Bulgaria BG
71%
Bhutan BT
71%
Chile CL
71%
Denmark DK
71%
Ecuador EC
71%
Egypt EG
71%
Burundi BI
68%
Cameroon CM
68%
China CN
68%
Dominica DM
68%
Eritrea ER
66%
Finland FI
66%
France FR
66%
Gabon GA
66%
Georgia GE
66%
Ghana GH
66%
Greece GR
66%
India IN
66%
Iraq IQ
66%
Iran IR
66%
Italy IT
66%
Jordan JO
66%
Japan JP
66%
Kenya KE
66%
Kiribati KI
66%
Laos LA
66%
Liechtenstein LI
66%
Luxembourg LU
66%
Ethiopia ET
63%
FIji FJ
63%
Grenada GD
63%
Gambia GM
63%
Guinea GN
63%
Guatamala GT
63%
Guyana GY
63%
Haiti HT
63%
Hungary HU
63%
Indonesia ID
63%
Ireland IE
63%
Israel IL
63%
Jamaica JM
63%
Kuwait KW
63%
Kazakhstan KZ
63%
Lebanon LB
63%
Lesotho LS
63%
Lithuania LT
63%
Latvia LV
63%
Libya LY
63%
Moldova MD
63%
Mali ML
63%
Mongolia MN
63%
Malta MT
63%
Maldives MV
63%
Malawi MW
63%
Mexico MX
63%
Malaysia MY
63%
Mozambique MZ
63%
Nigeria NG
63%
Nicragaua NI
63%
Norway NO
63%
Nepal NP
63%
Nauru NR
63%
New Zealand NZ
63%
Oman OM
63%
Panama PA
63%
Peru PE
63%
Philippines PH
63%
Pakistan PK
63%
Poland PL
63%
Portugal PT
63%
Qatar QA
63%
Romania RO
63%
Russia RU
63%
Rwanda RW
63%
Saudi Arabia SA
63%
Singapore SG
63%
Slovakia SK
63%
Sierra Leone SL
63%
San Marino SM
63%
Senegal SN
63%
South Sudan SS
63%
Syria SY
63%
Togo TG
63%
Thailand TH
63%
Tajikistan TJ
63%
Tunisia TN
63%
Tonga TO
63%
Turkey TR
63%
Trinidad and Tobago TT
63%
Tuvalu TV
63%
Taiwan TW
63%
Tanzania TZ
63%
Uganda UG
63%
Ukraina UK
63%
United States US
63%
Uzbekistan UZ
63%
Vatican CIty VA
63%
Venezuela VE
63%
Vietnam VN
63%
Yemen YE
63%
Zambia ZM
63%
Germany DE
61%
Dominican Republic DO
61%
Spain ES
61%
Monaco MC
61%
Madagascar MG
61%
Papua New Guinea PG
61%
Paraguay PY
61%
Sudan SD
61%
Sweden SE
61%
El Salvador SV
61%
Turkmenistan TM
61%
Uraguay UY
61%
Vanuatu VU
61%
ZImbabwe ZW
61%
Antigua and Barbuda AG
59%
Bosnia and Herzegovina BA
59%
Croatia HR
59%
Kyrgyzstan KG
59%
Liberia LR
59%
Mauritius MU
59%
Namibia NA
59%
Netherlands NL
59%
Somalia SO
59%
Suriname SR
59%
United Arab Emirates AE
56%
Honduras HN
56%
Montenegro ME
56%
Myanmar MM
56%
Mauritania MR
56%
Niger NE
56%
Seychelles SC
56%
Slovenia SI
56%
São Tomé and Príncipe ST
56%
Federated States of Micronesia FM
54%
United Kingdom GB
54%
Iceland IS
54%
Saint Kitts and Nevis KN
54%
Belarus BY
51%
Central African Republic CF
51%
Switzerland CH
51%
Estonia EE
51%
South Korea KR
51%
Saint Lucia LC
51%
Republic of the Congo CG
49%
Algeria DZ
49%
Marshall Islands MH
49%
South Africa ZA
49%
Ivory Coast CI
46%
Cambodia KH
46%
Sri Lanka LK
46%
East Timor TL
46%
Democratic Republic of the Congo CD
44%
Eswatini SZ
44%
Morocco MA
41%
Equitorial Guinea GQ
39%
North Korea KP
39%
North Macedonia MK
39%
Serbia RS
37%
Chad TD
37%
Saint VIncent and the Grenadines VC
37%
Benin BJ
34%
Comoros KM
32%
Palau PW
32%
Guinea-Bissau GW
24%
Kosovo XK
24%
Solomon Islands SB
22%
Samoa WS
22%
No matching quizzes found
Score Distribution
Percent of People with Each Score
Percentile by Number Answered
Your Score History
You have not taken this quiz